000
00248nam a2200097Ia 4500
001
1251723
005
20251031150921.0
008
251031s9999 xx 000 0 und d
245
0
_c
JOE CARAMAGNA
_a
Ş-2 KAVUŞMA YOLCULUĞU
260
_b
BETA YAYINLARI
999
_c
1251723
_d
1251723